000 00410nam a2200121Ia 4500
008 220204s9999 xx 000 0 und d
082 _bPLA.19;6
245 0 _aThe19th Biennial symposium on plantation crops : Climate change, Placrosym XIX, 7-10 December 2010 : Abstracts
260 _aRubber Research Institute of India
_bKottayam
_c2010
650 _aCrop management
650 _aCrop protection
942 _cBK
999 _c44434
_d44434